00571nam a2200169 a 450000100060000000300090000600800410001502000150005604000280007108200160009924500470011526000330016230000110019550501240020665000260033065000450035619638CO-ViMGA141112s2004 ck r 000 u spa d a9582400617 aCO-ViMGAbspacCO-ViMGA04a863.08 C83510aCuentos latinoAméricanos : bAntología aBogotá : bAlfaguara; 2002 a134 p. aBorges, Jorge Luis Bioy Casares, Adolfo arpentier, Alejob - - Rulfo, Juan ortazar, Juliob - - García Marquez, Gabriel14aCUENTOS - COLECCIONES14aCUENTOS LATINOAméricaNOS - COLECCIONES